000 00385 a2200109 4500
001 ART_13064
005 20260410161817.0
008 260409a
245 1 0 _aLa pretensión de corrección y la interpretación laboral
100 1 _aEtala, Carlos Alberto
773 0 _tRevista Juridica de Buenos Aires
_gPresente y futuro del derecho del trabajo (ene. 2009)
_wREV4315
999 _c21977
_d21977